000
00460nam a22000977a 4500
008
150730b xxu||||| |||| 00| 0 eng d
010
_8
HCCRSARF: 039
245
_a
HIGH COURT CRIMINAL SESSION No.95 of 1990 Uganda Vs David Bahiiga
260
_a
High Court Kampala
500
_3
Before Hon.Mr. Justice I. Mukanza
999
_c
8335
_d
8335